[Event "EU-ch 23rd"]
[Site "Vrnjacka Banja"]
[Date "2023.03.13"]
[Round "11"]
[White "Bozanic, Jovan"]
[Black "Demir, Baran"]
[Result "1-0"]
[WhiteElo "1934"]
[BlackElo "2122"]
[PlyCount "104"]
[EventDate "2023.03.03"]
[EventType "swiss"]
[EventRounds "11"]
[EventCountry "SRB"]
[SourceTitle "CBM 213"]
[Source "ChessBase"]
[SourceDate "2023.04.30"]
[SourceVersion "1"]
[SourceVersionDate "2023.04.30"]
[SourceQuality "1"]

1. e4 c6 2. d4 d5 3. exd5 cxd5 4. Bd3 Nc6 5. c3 Qc7 6. Ne2 Bg4 7. f3 Bd7 8. Bf4 e5 9. dxe5 Nxe5 10. 0-0 Bd6 11. Bc2 Ne7 12. Kh1 0-0-0 13. Ba4 f6 14. Nd2 g5 15. Bg3 Nf5 16. Bf2 Nc4 17. Nxc4 dxc4 18. Nd4 Bxh2 19. Re1 Bg3 20. Bxd7+ Rxd7 21. Qc2 Nxd4 22. cxd4 Bxf2 23. Qxf2 Rhd8 24. Rad1 Qb6 25. Qc2 Rxd4 26. Rxd4 Qxd4 27. Qxh7 Qxb2 28. Rb1 c3 29. Rxb2 cxb2 30. Qc2+ Kb8 31. Qxb2 Rd6 32. Kg1 a6 33. Kf2 b5 34. a4 Rb6 35. Qb4 Kc7 36. Qe7+ Kc8 37. Qc5+ Kb7 38. Qd5+ Kc7 39. Qc5+ Kb7 40. a5 Rc6 41. Qe7+ Kc8 42. Ke3 b4 43. Qxb4 Kd7 44. Ke4 Ke6 45. Qb3+ Kd6 46. Qd3+ Ke7 47. Kf5 Rc5+ 48. Kg6 Rc6 49. g4 Re6 50. Qf5 Rd6 51. Qc8 Rd7 52. Qc6 Rd6 1-0

[Event "Paracin Summer op"]
[Site "Paracin"]
[Date "2020.07.03"]
[Round "1"]
[White "Demir, Baran"]
[Black "Radeva, Viktoria"]
[Result "0-1"]
[WhiteElo "1866"]
[BlackElo "2327"]
[PlyCount "108"]
[EventDate "2020.07.03"]
[EventType "swiss"]
[EventRounds "9"]
[EventCountry "SRB"]
[SourceTitle "CBM 197 Extra"]
[Source "ChessBase"]
[SourceDate "2020.09.30"]
[SourceVersion "1"]
[SourceVersionDate "2020.09.30"]
[SourceQuality "1"]

1. d4 d5 2. Bf4 Nf6 3. Nf3 e6 4. e3 Bd6 5. Bxd6 Qxd6 6. c4 b6 7. Nc3 0-0 8. Rc1 a6 9. cxd5 exd5 10. Qc2 Nbd7 11. Bd3 Bb7 12. 0-0 c5 13. dxc5 bxc5 14. Rfd1 Rfe8 15. Qb3 Rab8 16. Qa3 Qe6 17. Na4 d4 18. Nxc5 Nxc5 19. Qxc5 Bxf3 20. gxf3 dxe3 21. Qxe3 Qxa2 22. Qd4 Qa5 23. Rc5 Qb6 24. Qc3 Qxb2 25. Qxb2 Rxb2 26. Bxa6 Rb6 27. Bc4 Rb7 28. Ba6 Rbe7 29. Bb5 Re1+ 30. Rxe1 Rxe1+ 31. Kg2 g6 32. Bc4 Re7 33. Kf1 Nh5 34. Kg2 Kg7 35. Bb5 h6 36. h4 Re1 37. Rc7 Nf4+ 38. Kh2 Ne6 39. Rc3 Nd4 40. Bd7 Re7 41. Bh3 Re2 42. Rd3 Nc6 43. Kg2 Rb2 44. f4 Rb4 45. Kg3 Nd4 46. Re3 Kf6 47. Re5 Rb3+ 48. Re3 Rb2 49. Rd3 Rb4 50. Bd7 Ne2+ 51. Kf3 Nxf4 52. Rd6+ Ke5 53. Ra6 Rb3+ 54. Kg4 f5+ 0-1

[Event "Troya op 26th"]
[Site "Canakkale"]
[Date "2018.08.06"]
[Round "1"]
[White "Arat, Ufuk Sezen"]
[Black "Demir, Baran"]
[Result "1-0"]
[WhiteElo "2386"]
[BlackElo "1898"]
[PlyCount "69"]
[EventDate "2018.08.06"]
[EventType "swiss"]
[EventRounds "9"]
[EventCountry "TUR"]
[SourceTitle "CBM 185 Extra"]
[Source "ChessBase"]
[SourceDate "2018.07.29"]
[SourceVersion "1"]
[SourceVersionDate "2018.07.29"]
[SourceQuality "1"]

1. d4 Nf6 2. c4 c5 3. d5 b5 4. cxb5 a6 5. bxa6 g6 6. g3 Bg7 7. Bg2 d6 8. Nf3 Nxa6 9. Nc3 Nb4 10. 0-0 Bf5 11. Ne1 0-0 12. Bd2 Qb6 13. e4 Bg4 14. Qc1 Rfb8 15. h3 Bc8 16. a3 Qa6 17. Rb1 Nd3 18. Nxd3 Qxd3 19. b3 Nd7 20. Kh2 Bd4 21. a4 Nf6 22. f4 Bg4 23. Qe1 Bd7 24. Rf3 Qc2 25. e5 dxe5 26. fxe5 Bxe5 27. Qxe5 Qxd2 28. Rd1 Qh6 29. Qxe7 Bg4 30. Qxf6 Bxf3 31. Qxf3 Rxb3 32. d6 Rd8 33. Qf6 Rbb8 34. Nd5 Qg7 35. Ne7+ 1-0

[Event "EU-ch Amateur U2000"]
[Site "Niksic"]
[Date "2018.06.18"]
[Round "6"]
[White "Demir, Baran"]
[Black "Pekic, Momcilo"]
[Result "1/2-1/2"]
[WhiteElo "1929"]
[BlackElo "1517"]
[PlyCount "105"]
[EventDate "2018.06.14"]
[EventType "swiss"]
[EventRounds "9"]
[EventCountry "MNE"]
[SourceTitle "EXT 2019"]
[Source "ChessBase"]
[SourceDate "2018.10.10"]
[SourceVersion "1"]
[SourceVersionDate "2018.10.10"]
[SourceQuality "1"]

1. d4 Nf6 2. Bg5 Ne4 3. Bh4 d5 4. f3 Nf6 5. Nc3 e6 6. e4 dxe4 7. fxe4 Be7 8. Bd3 b6 9. Nge2 Bb7 10. 0-0 Nbd7 11. Bg3 a6 12. Nf4 e5 13. dxe5 Nxe5 14. Ncd5 Nxd5 15. Nxd5 Bd6 16. Qh5 Ng6 17. Rf3 Bxg3 18. Rxg3 Bxd5 19. exd5 0-0 20. Rh3 h6 21. Rf1 Qd6 22. Qf5 Qe5 23. Qxe5 Nxe5 24. Re3 Nxd3 25. Rxd3 Rfe8 26. Kf2 Re5 27. Re1 Rae8 28. Rxe5 Rxe5 29. d6 cxd6 30. Rxd6 Re6 31. Rxe6 fxe6 32. Ke3 Kf7 33. Ke4 Ke7 34. Ke5 Kd7 35. c4 Ke7 36. b4 Kd7 37. a4 a5 38. bxa5 bxa5 39. g4 g5 40. h3 Kc6 41. Kxe6 Kc5 42. Kf6 Kxc4 43. Kg6 Kb3 44. Kxh6 Kxa4 45. Kxg5 Kb4 46. Kh6 a4 47. g5 a3 48. g6 a2 49. g7 a1Q 50. g8Q Qf6+ 51. Kh5 Qf5+ 52. Qg5 Qxh3+ 53. Kg6 1/2-1/2

[Event "Izmir op 15th"]
[Site "Izmir"]
[Date "2016.09.06"]
[Round "3"]
[White "Quparadze, Giga"]
[Black "Demir, Baran"]
[Result "1-0"]
[WhiteElo "2482"]
[BlackElo "1806"]
[PlyCount "95"]
[EventDate "2016.09.05"]
[EventType "swiss"]
[EventRounds "9"]
[EventCountry "TUR"]
[SourceTitle "CBM 174 Extra"]
[Source "ChessBase"]
[SourceDate "2016.10.10"]
[SourceVersion "1"]
[SourceVersionDate "2016.10.10"]
[SourceQuality "1"]

1. e4 c6 2. d4 d5 3. Nd2 dxe4 4. Nxe4 Bf5 5. Ng3 Bg6 6. h4 h6 7. Nf3 Nd7 8. h5 Bh7 9. Bd3 Bxd3 10. Qxd3 e6 11. Bf4 Qa5+ 12. Bd2 Bb4 13. c3 Be7 14. c4 Qc7 15. 0-0-0 Ngf6 16. Kb1 0-0 17. Ne4 a5 18. Nxf6+ Nxf6 19. g4 Nxg4 20. Rhg1 f5 21. Qe2 Kh8 22. Ne5 Nxe5 23. Bf4 Rf7 24. Bxe5 Bd6 25. Rg6 Bxe5 26. dxe5 Re7 27. Rd6 Rae8 28. c5 b6 29. Qe3 b5 30. Qf3 a4 31. Qxc6 Qa5 32. Rg1 a3 33. Qa6 Qb4 34. Qxa3 Qe4+ 35. Qd3 Qxe5 36. c6 Rc7 37. Rc1 Rec8 38. Rd8+ Rxd8 39. Qxd8+ Kh7 40. f3 b4 41. Qd2 Qb5 42. Qd6 Ra7 43. c7 Qa5 44. a3 bxa3 45. Qxa3 Qb6 46. Qxa7 Qxa7 47. c8Q Qe3 48. Qc3 1-0

[Event "Manavgat Turkey Cup"]
[Site "Manavgat"]
[Date "2016.02.04"]
[Round "9"]
[White "Erdogan, Anil Berk"]
[Black "Demir, Baran"]
[Result "1/2-1/2"]
[WhiteElo "2005"]
[BlackElo "1812"]
[PlyCount "56"]
[EventDate "2016.01.30"]
[EventType "swiss"]
[EventRounds "11"]
[EventCountry "TUR"]
[SourceTitle "CBM 170 Extra"]
[Source "ChessBase"]
[SourceDate "2016.02.25"]
[SourceVersion "1"]
[SourceVersionDate "2016.02.25"]
[SourceQuality "1"]

1. e4 c6 2. d4 d5 3. exd5 cxd5 4. c4 Nf6 5. Nc3 g6 6. Qb3 Bg7 7. cxd5 0-0 8. Be2 Nbd7 9. Bf3 Nb6 10. Nge2 Bg4 11. Bxg4 Nxg4 12. a4 a5 13. 0-0 Qd6 14. Bf4 Qb4 15. Qd1 Qc4 16. b3 Qc8 17. d6 exd6 18. Bxd6 Rd8 19. Bc5 Nd7 20. Be7 Re8 21. Bh4 Nb6 22. Rc1 Qe6 23. h3 Nf6 24. Bg3 Nbd5 25. Nxd5 Nxd5 26. Nc3 Nxc3 27. Rxc3 Qd5 28. Rd3 Re4 1/2-1/2

[Event "Manavgat Turkey Cup"]
[Site "Manavgat"]
[Date "2016.02.02"]
[Round "5"]
[White "Demir, Baran"]
[Black "Karaahmetoglu, Ege"]
[Result "0-1"]
[WhiteElo "1812"]
[BlackElo "2017"]
[PlyCount "76"]
[EventDate "2016.01.30"]
[EventType "swiss"]
[EventRounds "11"]
[EventCountry "TUR"]
[SourceTitle "CBM 170 Extra"]
[Source "ChessBase"]
[SourceDate "2016.02.25"]
[SourceVersion "1"]
[SourceVersionDate "2016.02.25"]
[SourceQuality "1"]

1. c4 Nf6 2. Nc3 e5 3. g3 Nc6 4. Bg2 Bc5 5. a3 a6 6. e3 d6 7. Nge2 0-0 8. d4 Ba7 9. h3 Bd7 10. 0-0 Qc8 11. Kh2 Ne7 12. b4 c6 13. f4 exd4 14. exd4 d5 15. c5 Bb8 16. a4 Re8 17. Ng1 Nf5 18. Qd3 h5 19. Nf3 Ne4 20. Ne5 Nfxg3 21. Re1 Bf5 22. Qf3 h4 23. Nd1 f6 24. Ng4 Bxg4 25. hxg4 g5 26. Kg1 Qd7 27. Be3 Qh7 28. Bh3 Bc7 29. Ra2 gxf4 30. Bxf4 Ng5 31. Rxe8+ Rxe8 32. Bxg5 fxg5 33. Qf2 Bf4 34. Kg2 Re1 35. Nc3 Re3 36. Nxd5 Rf3 37. Nf6+ Kg7 38. Nxh7 Rxf2+ 0-1

[Event "Istanbul Kartal op"]
[Site "Istanbul"]
[Date "2015.06.26"]
[Round "6"]
[White "Kiremitciyan, Ari"]
[Black "Demir, Baran"]
[Result "1/2-1/2"]
[WhiteElo "1930"]
[BlackElo "1872"]
[PlyCount "107"]
[EventDate "2015.06.23"]
[EventType "swiss"]
[EventRounds "9"]
[EventCountry "TUR"]
[SourceTitle "CBM 167 Extra"]
[Source "ChessBase"]
[SourceDate "2015.09.14"]
[SourceVersion "1"]
[SourceVersionDate "2015.09.14"]
[SourceQuality "1"]

1. e4 d5 2. exd5 Qxd5 3. Nf3 Nf6 4. d4 g6 5. c4 Qd8 6. h3 Bg7 7. Nc3 0-0 8. Be2 Nbd7 9. 0-0 c6 10. Bf4 h6 11. Qd2 g5 12. Bh2 g4 13. hxg4 Nxg4 14. Bf4 e5 15. dxe5 Ndxe5 16. Nxe5 Qxd2 17. Bxd2 Nxe5 18. f4 Ng4 19. f5 Bd4+ 20. Kh1 Nf2+ 21. Kh2 Bxf5 22. Rxf2 Bxf2 23. Rf1 Rfd8 24. Bxh6 Rd6 25. Bf4 Bc5 26. Bxd6 Bxd6+ 27. g3 Bg6 28. Rd1 Rd8 29. Bf3 Bc2 30. Rc1 Bd3 31. Ne4 Bxe4 32. Bxe4 Be5 33. Rc2 Rd4 34. Bf3 Rd3 35. Kg2 Kf8 36. Re2 f6 37. b3 Ke7 38. Re1 Kd6 39. Rd1 Rxd1 40. Bxd1 Kc5 41. Bg4 Kb4 42. Bc8 b6 43. Bd7 c5 44. Kf3 Ka3 45. g4 Kxa2 46. Ba4 a6 47. Ke4 Bd4 48. Kd5 b5 49. cxb5 axb5 50. Bxb5 Kxb3 51. Ba6 Kc3 52. Bf1 Kd2 53. Kc4 Ke3 54. Bd3 1/2-1/2

[Event "Manavgat Turkey Cup"]
[Site "Manavgat"]
[Date "2015.02.06"]
[Round "10"]
[White "Eremkere, Mehmet Halil"]
[Black "Demir, Baran"]
[Result "1/2-1/2"]
[WhiteElo "1759"]
[BlackElo "1880"]
[PlyCount "126"]
[EventDate "2015.01.31"]
[EventType "swiss"]
[EventRounds "11"]
[EventCountry "TUR"]
[SourceTitle "CBM 164 Extra"]
[Source "ChessBase"]
[SourceDate "2015.03.02"]
[SourceVersion "1"]
[SourceVersionDate "2015.03.02"]
[SourceQuality "1"]

1. e4 c6 2. d4 d5 3. Nc3 dxe4 4. Nxe4 Bf5 5. Ng3 Bg6 6. Nf3 Nd7 7. h4 h6 8. Bd3 Bxd3 9. Qxd3 e6 10. Bd2 Ngf6 11. 0-0-0 Be7 12. Rhe1 0-0 13. Nf1 Ng4 14. Re2 c5 15. Ne3 Nxe3 16. Bxe3 Qa5 17. Kb1 Rfd8 18. Bd2 Qb6 19. Qa3 Qc7 20. d5 e5 21. c4 Bd6 22. Rde1 f5 23. h5 e4 24. Nh4 Rf8 25. Qh3 Ne5 26. Nxf5 Nxc4 27. Qg4 Nxd2+ 28. Rxd2 Bf4 29. d6 Qf7 30. Qxf4 Qxf5 31. Qxf5 Rxf5 32. Rxe4 Rd8 33. Re6 Rd7 34. g4 Rf4 35. Kc2 Rxg4 36. Re7 Rc4+ 37. Kb3 Rb4+ 38. Kc3 Rxe7 39. dxe7 Kf7 40. Rd7 a5 41. a3 Rb5 42. b3 a4 43. bxa4 Ra5 44. Rxb7 Rxa4 45. Kb3 Rf4 46. e8Q+ Kxe8 47. Rxg7 c4+ 48. Kb4 Rxf2 49. Rg6 c3 50. Kxc3 Rf3+ 51. Kb2 Rf2+ 52. Kc1 Rf1+ 53. Kd2 Rf2+ 54. Ke3 Rh2 55. Rxh6 Rh3+ 56. Kf4 Kf7 57. Rh7+ Kf6 58. Ra7 Rxh5 59. Ke4 Ke6 60. Kd4 Kd6 61. Kc4 Kc6 62. Ra6+ Kb7 63. Rg6 Rh4+ 1/2-1/2

[Event "Manavgat Turkey Cup"]
[Site "Manavgat"]
[Date "2015.02.01"]
[Round "2"]
[White "Arat, Ufuk Sezen"]
[Black "Demir, Baran"]
[Result "1-0"]
[WhiteElo "2374"]
[BlackElo "1880"]
[PlyCount "61"]
[EventDate "2015.01.31"]
[EventType "swiss"]
[EventRounds "11"]
[EventCountry "TUR"]
[SourceTitle "CBM 164 Extra"]
[Source "ChessBase"]
[SourceDate "2015.03.02"]
[SourceVersion "1"]
[SourceVersionDate "2015.03.02"]
[SourceQuality "1"]

1. d4 Nf6 2. c4 c5 3. d5 e6 4. Nc3 exd5 5. cxd5 d6 6. e4 g6 7. Nge2 a6 8. a4 Bg7 9. Ng3 h5 10. Be2 0-0 11. 0-0 Nbd7 12. f3 Qc7 13. Be3 c4 14. Qc2 Rb8 15. Rfc1 b5 16. axb5 axb5 17. Ra7 Qd8 18. Na2 Re8 19. Nb4 Rb7 20. Ra8 Nb6 21. Ra3 Bd7 22. Bf2 Na4 23. b3 cxb3 24. Rxb3 Nc5 25. Rbb1 h4 26. Nf1 Nh5 27. Qd2 g5 28. Nc6 Qf6 29. e5 Qg6 30. exd6 Nf4 31. Ne7+ 1-0